01102nam a2200253 450000100060000000300090000600500170001500800410003202000180007304000380009108200210012924500840015026000460023430000260028050401680030665000590047465000660053365000660059965000490066565000490071465000320076370000290079570000240082421795BD-DhUAP20230524204903.0230524b2010 bg a|||| |||| 00| 0 eng d a9789848815120 aBD-DhUAPbEngcBD-DhUAPdBD-DhUAP 223a823.0108 HOS aWriting feminism :bSouth Asian voices /cRadha Chakravarty and Selina Hossain. aDhaka :bUniversity Press Limited,c2010. axii, 177 p. ;c22 cm. aCollection of short storeis reflecting social conditions of women in South Asia, written in English and translated into English from various South Asian languages. aShort stories, South AsianvTranslations into English. aSouth Asian fictionvTranslations into English.y20th century aSouth Asian fictionvTranslations into English.y21st century aSouth Asian fiction (English)y20th century. aSouth Asian fiction (English)y21st century. aWomenvFiction.zSouth Asia aHosena, Selinà„,d1947- aChakravarty, Radha.